Les Boréades : "tragédie en musique" en five acts : posthumous opera (1764) /

"This mythical tale of a young queen, Alphise, determined to abdicate rather than contemplate an enforced marriage to a descendant of Boreas, is nothing less than highly-charged. Her forbidden love for Abaris is reciprocated, but seems hopeless until his divine origins are revealed, wherupon [s...

Full description

Bibliographic Details
Main Author: Rameau, Jean-Philippe, 1683-1764
Corporate Authors: La La La Human Steps (Dance group) (Performer), Arts florissants (Musical group) (Performer), Opéra national de Paris
Other Authors: Carsen, Robert (Director), Grimm, Thomas (Director), Christie, William (William Lincoln) (Conductor), Cahusac, Louis de, 1706-1759 (Librettist), Lock, Edouard (Choreographer), Bonney, Barbara (Performer), Agnew, Paul (Performer), Spence, Toby (Performer), Degout, Stéphanie (Performer), Naouri, Laurent, 1964- (Performer), Rivenq, Nicolas (Performer), Panzarella, Anna Maria (Performer), Azzaretti, Jaël (Performer)
Format: Video DVD
Language:French
English
Language Notes:Sung in French with optional subtitles in English, French, German, and Spanish. Special feature The triumph of love in English.
Published: [Waldron, Heathfield, East Sussex] : Opus Arte, [2004]
Subjects:

MARC

Tag First Indicator Second Indicator Subfields
LEADER 00000cgm a2200000Ia 4500
001 in00002065021
005 20151102050525.0
007 vd cvaizk
008 040831s2004 enk218 vlfre d
024 1 |a 809478000990 
028 4 3 |a OA 0899 D  |b Opus Arte 
033 0 0 |a 200304-- 
035 |a (OCoLC)ocm56393903 
040 |a ZMS  |c ZMS  |d OCLCQ  |d TXA  |d UtOrBLW 
041 1 |d fre  |a eng  |j ger  |j spa  |e fre  |g eng  |g fre  |g ger 
049 |a TXAM 
090 |a M1500.R23  |b B67 2004 
100 1 |a Rameau, Jean-Philippe,  |d 1683-1764. 
245 1 4 |a Les Boréades :  |b "tragédie en musique" en five acts : posthumous opera (1764) /  |c [music], Jean Philippe Rameau ; libretto attributed to Louis de Cahusac ; stage direction, Robert Carsen ; directed for video by Thomas Grimm ; a production [of] Opéra National de Paris [and others]. 
264 1 |a [Waldron, Heathfield, East Sussex] :  |b Opus Arte,  |c [2004] 
264 4 |c ©2004 
300 |a 2 videodiscs (approximately 218 min.) :  |b sound, color ;  |c 4 3/4 in. +  |e 1 booklet (25 pages : illustrations (chiefly color) ; 18 cm.) 
336 |a two-dimensional moving image  |b tdi  |2 rdacontent 
337 |a video  |b v  |2 rdamedia 
338 |a videodisc  |b vd  |2 rdacarrier 
538 |a DVD; Dolby digital, 5.1 and LPCM stereo. 
546 |a Sung in French with optional subtitles in English, French, German, and Spanish. Special feature The triumph of love in English. 
511 1 |a Barbara Bonney (Alphise) ; Paul Agnew (Abaris) ; Toby Spence (Calisis) ; Stéphanie Degout (Borilée) ; Laurent Naouri (Borée) ; Nicolas Rivenq (Adamas, Appolon) ; Anna-Maria Panzarella (Sémire) ; Jaël Azzaretti (Une nymphe) ; supporting soloists ; with guest dance company: La La La Human Steps ; Les Arts florissants ; William Christie, conductor. 
508 |a Choreography, Edouard Lock ; stage and costume design, Michael Levine ; lighting, Robert Carsen & Peter Van Praet. 
518 |a Recorded live in April 2003 at the Palais Garnier. 
500 |a Double layer discs. 
500 |a Aspect ratio 16:9 anamorphic. 
500 |a Accompanying booklet contains program notes and synopsis in English, French, and German, and libretto in French. 
520 |a "This mythical tale of a young queen, Alphise, determined to abdicate rather than contemplate an enforced marriage to a descendant of Boreas, is nothing less than highly-charged. Her forbidden love for Abaris is reciprocated, but seems hopeless until his divine origins are revealed, wherupon [sic] darkness is turned to light and Boreas's dingy domain is suffused with glowing colours, both literally and metaphorically"--Container. 
500 |a Special feature: The triumph of love (60 min.), containing interviews with Robert Carsen, William Christie, Barbara Bonney, Paul Agnew, and Laurent Nouri. 
500 |a Videorecording. 
650 0 |a Operas. 
655 7 |a Music  |v Perfomance  |v Videodisc.  |2 migfg 
655 7 |a Filmed operas.  |2 lcgft 
700 1 |a Carsen, Robert,  |e director. 
700 1 |a Grimm, Thomas,  |e director. 
700 1 |a Christie, William  |q (William Lincoln),  |e conductor. 
700 1 |a Cahusac, Louis de,  |d 1706-1759,  |e librettist. 
700 1 |a Lock, Edouard,  |e choreographer. 
700 1 |a Bonney, Barbara,  |e performer. 
700 1 |a Agnew, Paul,  |e performer. 
700 1 |a Spence, Toby,  |e performer. 
700 1 |a Degout, Stéphanie,  |e performer. 
700 1 |a Naouri, Laurent,  |d 1964-  |e performer. 
700 1 |a Rivenq, Nicolas,  |e performer. 
700 1 |a Panzarella, Anna Maria,  |e performer. 
700 1 |a Azzaretti, Jaël,  |e performer. 
710 2 |a La La La Human Steps (Dance group),  |e performer. 
710 2 |a Arts florissants (Musical group),  |e performer. 
710 2 |a Opéra national de Paris. 
740 0 2 |a Triumph of love. 
948 |a cataloged  |b h  |c 2005/7/22  |d c  |e mphillip  |f 1:49:45 pm 
994 |a C0  |b TXA 
999 |a MARS 
999 f f |s 6cfa68a4-185a-3792-b5f8-45ede06fdcc8  |i d895af2f-0724-38dd-9cfa-699a5a1126c3  |t 0 
952 f f |p dvd  |a Texas A&M University  |b College Station  |c Sterling C. Evans Library  |d Evans: Media and Reserves (Annex 1st floor)  |t 0  |e M1500.R23 B67 2004  |h Library of Congress classification  |i video -- videodisc  |m A14832817472 
998 f f |a M1500.R23 B67 2004  |t 0  |l Evans: Media and Reserves (Annex 1st floor)